FORENSIC ENGINEERING (Record no. 15791)

MARC details
000 -LEADER
fixed length control field 00307nam a22001457a 4500
003 - CONTROL NUMBER IDENTIFIER
control field SGT
020 ## - INTERNATIONAL STANDARD BOOK NUMBER
International Standard Book Number 9780849374838
082 ## - DEWEY DECIMAL CLASSIFICATION NUMBER
Classification number 620
Item number CAR
100 ## - MAIN ENTRY--PERSONAL NAME
Personal name CARPER KENNETH
245 ## - TITLE STATEMENT
Title FORENSIC ENGINEERING
260 ## - PUBLICATION, DISTRIBUTION, ETC. (IMPRINT)
Name of publisher, distributor, etc CRC.PRESS
Year of Publication 1998
300 ## - PAGE DESCRIPTION
No. of Pages 360
650 ## - SUBJECT ADDED ENTRY--TOPICAL TERM
Topical term or geographic name as entry element PHYSICAL SCIENCE
942 ## - ADDED ENTRY ELEMENTS (KOHA)
Source of classification or shelving scheme Dewey Decimal Classification
Koha item type Books
Holdings
Withdrawn status Lost status Source of classification or shelving scheme Damaged status Not for loan Collection code Home library Current library Shelving location Date acquired Vendor Name SGTU Bill Number Full call number Accession No. (Barcode) Date last seen Bill Date Koha item type
    Dewey Decimal Classification   Not For Loan SCIENCE SGT Science & Social Sciences Library SGT Science & Social Sciences Library Reference Book 14/08/2018 AHUJA BOOK SGTU 10014 620 CAR PS4535 14/08/2018 14/08/2018 Books
    Dewey Decimal Classification   Not For Loan SCIENCE SGT Science & Social Sciences Library SGT Science & Social Sciences Library Reference Book 14/08/2018 AHUJA BOOK SGTU 10014 620 CAR PS4536 14/08/2018 14/08/2018 Books